El cambio climático explicado a mi hija (Registro nro. 787)

Detalles MARC
000 -Cabecera
Campo de control de longitud fija 00575aam a2200229 4500
005 - Fecha y hora de la última transacción
Campo de control 20260114113343.0
008 - Elementos de longitud fija--Información general
Campo de control de longitud fija 150908b2010 xxu||||| |||| 00| 0 spa d
020 ## - International Standard Book Number
Número Internacional Estándar del Libro (ISBN) 9789505578283
041 ## - Idioma
Código de idioma Español
082 ## - Clasificación Decimal Dewey
Número de clasificación 363.739.2 J33c
100 ## - Entrada principal--Autor personal
Nombre personal Jancovici, Jean-Marc
9 (RLIN) 20867
245 ## - Título propiamente dicho
Título El cambio climático explicado a mi hija
260 ## - Pie de imprenta
Lugar de publicación, distribución, etc. Argentina
260 ## - Pie de imprenta
Nombre del editor, distribuidor, etc. Fondo de Cultura Económica
260 ## - Pie de imprenta
Fecha de publicación, distribución, etc. 2010
300 ## - Descripción física
Extensión 106 páginas
490 ## - Serie
Título de la Serie Turismo
650 ## - Materia general
Temática (materia general) CAMBIO CLIMÁTICO
650 ## - Materia general
Temática (materia general) MEDIO AMBIENTE
650 ## - Materia general
Temática (materia general) PETROLEO
942 ## - Punto de acceso adicional KOHA
Tipo de ítem KOHA Libro
Fuente del sistema de clasificación o colocación Dewey Decimal Classification
Existencias
Signatura completa Código de barras Programa Académico Tipo de ítem
363.739.2 16860 Turismo Libro